BIBLIOTECA PODER JUDICIAL
Portal Judicial TDF

La desvinculación del personal estatal transitorio : (Registro nro. 6124)

000 -LEADER
fixed length control field 01006nabaa22002177a 4500
003 - CONTROL NUMBER IDENTIFIER
control field OSt
005 - DATE AND TIME OF LATEST TRANSACTION
control field 20260122210308.0
008 - FIXED-LENGTH DATA ELEMENTS--GENERAL INFORMATION
fixed length control field 190701b xxu||||| |||| 00| 0 spa d
040 ## - CATALOGING SOURCE
Transcribing agency PJ
100 ## - MAIN ENTRY--PERSONAL NAME
9 (RLIN) 6889
Personal name Romero Verdún, Iván F.
245 13 - TITLE STATEMENT
Title La desvinculación del personal estatal transitorio :
Remainder of title comentario a propósito de “Flores, María José” /
Statement of responsibility, etc Iván F. Romero Verdún.
300 ## - PHYSICAL DESCRIPTION
Extent p. 154-161
505 ## - FORMATTED CONTENTS NOTE
Formatted contents note Sumario: I. Introducción.— II. Desvinculación ilegítima del personal transitorio en la jurisprudencia.— III. Cuestiones prácticas.— IV. Palabras finales.
505 ## - FORMATTED CONTENTS NOTE
Title ¿Te interesa el texto completo? Comunicate al correo: koha@justierradelfuego.gov.ar
650 #0 - SUBJECT ADDED ENTRY--TOPICAL TERM
9 (RLIN) 211
Topical term or geographic name as entry element DERECHO ADMINISTRATIVO
650 #0 - SUBJECT ADDED ENTRY--TOPICAL TERM
9 (RLIN) 877
Topical term or geographic name as entry element ADMINISTRACION PUBLICA
650 #0 - SUBJECT ADDED ENTRY--TOPICAL TERM
9 (RLIN) 938
Topical term or geographic name as entry element EMPLEO PUBLICO
650 #0 - SUBJECT ADDED ENTRY--TOPICAL TERM
9 (RLIN) 699
Topical term or geographic name as entry element FALLOS DE LA CORTE SUPREMA
773 0# - HOST ITEM ENTRY
Host Biblionumber 2842
Host Itemnumber 3251
Place, publisher, and date of publication Buenos Aires : AbeledoPerrot, 2012-
Other item identifier DA121
Title Derecho administrativo. Nº 147 mayo/junio 2023
International Standard Book Number 18510590
942 ## - ADDED ENTRY ELEMENTS (KOHA)
Source of classification or shelving scheme
Koha item type Analítica Artículo de Revista

No hay ítems disponibles.

12 de Octubre 789 Ushuaia - Tel:  54(02901)441571
Horario de Atención: 8.00 a 17.00 hs. 
bibliotecaush@justierradelfuego.gov.ar
koha@justierradelfuego.gov.ar
Seguinos en nuestras redes @bibliojustdf 

Con tecnología Koha